6th International workshop on critical point and onset of deconfinement, JINR, Dubna, August 23-29, 2010 and HIC-for-FAIR school and Workshop "Dense QCD phases in heavy-ion collisions", JINR, Dubna, August 21 - September 4, 2010 (Запись № 3801500)

Подробности
000 -МАРКЕР
контрольное поле 01873nam0a2200337 4500
001 - ИДЕНТИФИКАТОР ЗАПИСИ
контрольное поле RU\NLR\b_ik\187138
005 - ИДЕНТИФИКАТОР ВЕРСИИ
контрольное поле 20260408152730.0
010 ## - МЕЖДУНАРОДНЫЙ СТАНДАРТНЫЙ НОМЕР КНИГИ (ISBN)
Номер (ISBN) 978-5-9530-0258-5
Тираж 235
035 ## - ДРУГИЕ СИСТЕМНЫЕ НОМЕРА
Идентификатор записи (NLR Aleph) 002259645
100 ## - ДАННЫЕ ОБЩЕЙ ОБРАБОТКИ
Данные общей обработки 20101122d2010 k y0rusy50 ca
101 0# - ЯЗЫК РЕСУРСА
Язык текста, звукозаписи и т.д. английский
102 ## - СТРАНА ПУБЛИКАЦИИ ИЛИ ПРОИЗВОДСТВА
Страна публикации российская федерация
105 ## - ПОЛЕ КОДИРОВАННЫХ ДАННЫХ: ТЕКСТОВЫЕ МАТЕРИАЛЫ, МОНОГРАФИЧЕСКИЕ
Кодированные данные о монографическом текстовом документе y |||||||||
200 1# - ЗАГЛАВИЕ И СВЕДЕНИЯ ОБ ОТВЕТСТВЕННОСТИ
Основное заглавие 6th International workshop on critical point and onset of deconfinement, JINR, Dubna, August 23-29, 2010 and HIC-for-FAIR school and Workshop "Dense QCD phases in heavy-ion collisions", JINR, Dubna, August 21 - September 4, 2010
Сведения, относящиеся к заглавию booklet of abstracts
210 ## - ПУБЛИКАЦИЯ, РАСПРОСТРАНЕНИЕ И ДР.
Место издания, распространения и т.д. Dubna
Имя издателя, распространителя и т. д. Joint inst. for nuclear research
Дата издания, распространения и т.д. 2010
215 ## - ФИЗИЧЕСКАЯ ХАРАКТЕРИСТИКА
Специфическое обозначение материала и объем 124 с.
Размеры 22
320 ## - ПРИМЕЧАНИЯ О НАЛИЧИИ В ДОКУМЕНТЕ БИБЛИОГРАФИИ / УКАЗАТЕЛЯ
Текст примечания Библиогр. в конце ст.
606 1# - НАИМЕНОВАНИЕ ТЕМЫ КАК ПРЕДМЕТ
Наименование темы Квантовая хромодинамика
Формальный подзаголовок Съезды, совещания и т.п.
Системный номер авторитетной/нормативной записи 912362
Идентификатор авторитетной/нормативной записи RU\NLR\AUTH\6613752
606 1# - НАИМЕНОВАНИЕ ТЕМЫ КАК ПРЕДМЕТ
Наименование темы Тяжелые ионы
Формальный подзаголовок Съезды, совещания и т.п.
Тематический подзаголовок Столкновения
Системный номер авторитетной/нормативной записи 2211873
Идентификатор авторитетной/нормативной записи RU\NLR\AUTH\661328675
606 ## - НАИМЕНОВАНИЕ ТЕМЫ КАК ПРЕДМЕТ
Наименование темы Критические явления (физ.)
Формальный подзаголовок Съезды, совещания и т.п.
Идентификатор авторитетной/нормативной записи RU\NLR\AUTH\6618883
Системный номер авторитетной/нормативной записи 921326
686 1# - ИНДЕКСЫ ДРУГИХ КЛАССИФИКАЦИЙ
Индекс В382.145я431(0)
686 1# - ИНДЕКСЫ ДРУГИХ КЛАССИФИКАЦИЙ
Индекс В383.56я431(0)
686 1# - ИНДЕКСЫ ДРУГИХ КЛАССИФИКАЦИЙ
Индекс В365.513я431(0)
710 12 - НАИМЕНОВАНИЕ ОРГАНИЗАЦИИ - ПЕРВИЧНАЯ ОТВЕТСТВЕННОСТЬ
Материалы, к которым относится поле eng
Начальный элемент ввода International workshop on critical point and onset of deconfinement
Порядковый номер временной организации и / или порядковый номер ее части 6
Дата проведения временной организации 2010
Место проведения временной организации Dubna
Графика поля Латинская
Идентификатор авторитетной/нормативной записи RU\NLR\AUTH\8810171741
Системный номер авторитетной/нормативной записи 839315
711 12 - НАИМЕНОВАНИЕ ОРГАНИЗАЦИИ - АЛЬТЕРНАТИВНАЯ ОТВЕТСТВЕННОСТЬ
Материалы, к которым относится поле eng
Начальный элемент ввода "Dense QCD phases in heavy-Ion collisions", HIC-for-FAIR school and workshop
Дата проведения временной организации 2010
Место проведения временной организации Dubna
Графика поля Латинская
Идентификатор авторитетной/нормативной записи RU\NLR\AUTH\8810171745
Системный номер авторитетной/нормативной записи 839322
801 #0 - ИСТОЧНИК ЗАПИСИ
Страна российская федерация
Организация NLR
Дата составления 20101122
Правила каталогизации RCR
830 ## - ОБЩЕЕ ПРИМЕЧАНИЕ, СОСТАВЛЕННОЕ КАТАЛОГИЗАТОРОМ
Текст примечания 6-й международный семинар по критическим точкам и вылетанию. Школа-семинар "Плотные КХД в столковениях тяжелых ионов"
942 ## - ДОПОЛНИТЕЛЬНЫЕ ЭЛЕМЕНТЫ ЗАПИСИ (АБИС)
Тип экземпляра АБИС Книга
980 ## - КОЛЛЕКЦИЯ
Название коллекции Национальная библиография
Экземпляры
Тип экземпляра Дата поступления Источник поступления Библиотека постоянного хранения Библиотека текущего хранения Место хранения Шифр хранения Штрих-код Статус не для выдачи Публичное примечание
Книга 22.11.2010 Обязательный экземпляр РНБ (Московский) РНБ (Московский) Иностранный книжный фонд Ик 2010-5/1166 1093921   ;